|
|
|
|
| LEADER |
02210nam a2200565 i 4500 |
| 001 |
nkc20203222474 |
| 003 |
CZ PrNK |
| 005 |
20210507181752.0 |
| 007 |
ta |
| 008 |
200608s2020 xr abe f m 000 0 cze |
| 015 |
|
|
|a cnb003222474
|
| 020 |
|
|
|a 978-80-248-4404-6
|q (brožováno) :
|c neprodejné
|
| 035 |
|
|
|a (OCoLC)1257529661
|
| 040 |
|
|
|a OLA001
|b cze
|e rda
|
| 041 |
0 |
|
|a cze
|b cze
|b eng
|
| 072 |
|
7 |
|a 625
|x Pozemní komunikace. Železniční stavitelství
|2 Konspekt
|9 19
|
| 080 |
|
|
|a 625.739
|2 MRF
|
| 080 |
|
|
|a 656
|2 MRF
|
| 080 |
|
|
|a 625.7/.8
|2 MRF
|
| 080 |
|
|
|a (043.5)
|2 MRF
|
| 080 |
|
|
|a (048.3)
|2 MRF
|
| 100 |
1 |
|
|a Petrů, Jan
|7 ola2014832760
|4 dis
|
| 245 |
1 |
0 |
|a Posouzení účinnosti turbo-okružních křižovatek :
|b autoreferát k habilitační práci /
|c Jan Petrů
|
| 250 |
|
|
|a 1. vydání
|
| 264 |
|
1 |
|a Ostrava :
|b Vysoká škola báňská - Technická univerzita Ostrava,
|c 2020
|
| 300 |
|
|
|a 62 stran :
|b ilustrace (převážně barevné), mapy, plány ;
|c 21 cm
|
| 336 |
|
|
|a text
|b txt
|2 rdacontent
|
| 337 |
|
|
|a bez média
|b n
|2 rdamedia
|
| 338 |
|
|
|a svazek
|b nc
|2 rdacarrier
|
| 500 |
|
|
|a "Obor: Městské inženýrství a stavitelství"
|
| 500 |
|
|
|a Autoreferát habilitační práce--Vysoká škola báňská - Technická univerzita Ostrava, Fakulta stavební, 2020
|
| 500 |
|
|
|a 50 výtisků
|
| 504 |
|
|
|a Obsahuje bibliografii
|
| 546 |
|
|
|a České a anglické resumé
|
| 650 |
0 |
7 |
|a turbookružní křižovatky
|7 ph1113844
|2 czenas
|
| 650 |
0 |
7 |
|a dopravní inženýrství
|7 ph114348
|2 czenas
|
| 650 |
0 |
7 |
|a pozemní komunikace
|7 ph115848
|2 czenas
|
| 650 |
0 |
9 |
|a turbo roundabouts
|2 eczenas
|
| 650 |
0 |
9 |
|a traffic engineering
|2 eczenas
|
| 650 |
0 |
9 |
|a roads and highways
|2 eczenas
|
| 655 |
|
7 |
|a habilitační práce
|7 fd185153
|2 czenas
|
| 655 |
|
7 |
|a autoreferáty
|7 fd131857
|2 czenas
|
| 655 |
|
9 |
|a habilitation theses
|2 eczenas
|
| 655 |
|
9 |
|a autoabstracts
|2 eczenas
|
| 710 |
2 |
|
|a Vysoká škola báňská - Technická univerzita Ostrava.
|b Stavební fakulta
|7 kn20010709394
|4 isb
|
| 910 |
2 |
|
|a BOA001
|b 2-1459.431
|
| 990 |
|
|
|a BK
|
| 995 |
|
|
|a 01
|
| 991 |
|
|
|b 202104
|c NOV
|
| 996 |
6 |
|
|b 2610854520
|c 2-1459.431
|l MZK
|r Sklad / do 1 hodiny
|n 0
|p p.v.
|w 001841571
|u 000010
|a 1
|e BOA001
|j MZK50
|s P
|